| 000 | 01084nam a22003017a 4500 | ||
|---|---|---|---|
| 001 | 4968 | ||
| 003 | FISKH | ||
| 005 | 20241028161644.0 | ||
| 008 | 241028b cb ||||| |||| 00| 0 eng d | ||
| 020 | _a9780061882715 | ||
| 040 |
_aFISKH _beng _cFISKH _dFISKH |
||
| 050 | _aPZ7.O222 | ||
| 082 | _a808.068 | ||
| 100 |
_aO'Connor, Jane _d(1947–) |
||
| 245 |
_aFancy nancy my family history / _cby Jane O'Connor cover illustration by Robin Preiss Glasser interior illustrations by Ted Enik |
||
| 250 | _a2010 | ||
| 260 |
_aNew York : _bHarper, _c2010. |
||
| 300 |
_a32 pages : _bColor illustrations ; _c23 cm |
||
| 505 | _aL | ||
| 520 | _aNancy writes a report for school about her great-grandfather, making things up so he seems less ordinary, but when she learns that Grandpa will be there to hear her read the report aloud she realizes she was dishonest. | ||
| 521 | 8 |
_a510L
_bLexile |
|
| 521 | 8 |
_aL
_bRaz-Plus |
|
| 650 |
_2Fancy Nancy _aFiction |
||
| 650 |
_2Grandparents _aGenealogy |
||
| 700 |
_aEnik, Ted _dIllustrator |
||
| 942 |
_2ddc _cBK _n0 |
||
| 999 |
_c4968 _d4968 |
||